| 000 | 00907cam a22002895a 4500 | ||
|---|---|---|---|
| 999 |
_c304 _d304 |
||
| 003 | EG-ScBUE | ||
| 005 | 20191211131708.0 | ||
| 008 | 150817r20001995le a f 000 d eng d | ||
| 020 | _a9953101116 | ||
| 020 | _a9789953101118 | ||
| 040 |
_aEG-ScBUE _beng _erda _cEG-ScBUE _dEG-ScBUE |
||
| 082 | 0 | 4 |
_a822.33 _bSHA _222 |
| 100 | 1 |
_aShakespeare, William, _d1564-1616, _eauthor. |
|
| 245 | 1 | 0 |
_aMacbeth / _cWilliam Shakespeare. |
| 250 | _aReprint edition. | ||
| 264 | 1 |
_aBeirut : _bYork Press, _c2000. |
|
| 300 |
_axxvi , 173 pages : _billustrations ; _c20 cm. |
||
| 336 |
_2rdacontent _atext _btxt |
||
| 337 |
_2rdamedia _aunmediated _bn |
||
| 338 |
_2rdacarrier _avolume _bnc |
||
| 490 | 0 | _aYork classics | |
| 590 | _adoaa mohamed | ||
| 600 | 0 | 7 |
_aMacbeth, _cKing of Scotland, _dactive 11th century _vDrama. _2BUEsh |
| 650 | 7 |
_aRegicides _vDrama. _2BUEsh |
|
| 653 |
_bCOMAME _cAugust2015 |
||
| 942 |
_2ddc _cBB |
||